| 000 | 00446nam a2200181Ia 4500 | ||
|---|---|---|---|
| 008 | 230524s9999 xx 000 0 und d | ||
| 020 | _a978817446440 | ||
| 082 |
_a658.8343 _bBAT |
||
| 100 | _aSatish K.Batra | ||
| 245 | 0 | _aConsumer Behaviour : Text And Cases | |
| 250 | _a2ND | ||
| 260 |
_aNEW DELHI _bExcel _c2008 |
||
| 300 | _aXIII;541 | ||
| 500 | _aQuantity Number: 15 | ||
| 650 | _aManagement | ||
| 700 | _a S H H Kazmi | ||
| 942 | _cBK | ||
| 999 |
_c43183 _d43183 |
||